00721nam a2200229 a 450000100090000000300060000900500170001500800410003201000130007302000150008602000150010104000280011608200190014410000190016324501530018225000120033526000380034730000210038550400540040665000200046065000110048026963640OCoLC20180918170612.0920617s1992 meu b 000 0 eng  a92081563 a0940232480 a0940232502 aDLCcDLCdORLdMCBdBSC a262.001bR982O1 aRutz, James H.14aThe open church :bhow to bring back the exciting life of the first century church /cby James H. Rutz ; [forewords by Ray Stedman and Jim Hayford]. a1st ed. aAuburn, Me. :bSeedSowers,c1992. a180 p. ;c22 cm. aIncludes bibliographical references (p. 177-180). 0aChurch renewal. 0aLaity.